Gminy Powiatu Leszczyńskiego - Statystyki

Ogólne statystyki
  • Ten quiz został rozwiązany 89 razy
  • Średni wynik to 5 z 7
Statystyki odpowiedzi
Hint Odpowiedź % Poprawnych
miejsko-wiejska Osieczna
77%
miejsko-wiejska Rydzyna
77%
wiejska Włoszakowice
74%
wiejska Lipno
70%
wiejska Święciechowa
59%
wiejska Krzemieniewo
51%
wiejska Wijewo
44%
Nie znaleziono quizów pasujących do podanych kryteriów
Rozkład punktacji
Procent ludzi z każdym wynikiem
Percentyl według liczby udzielonych odpowiedzi
Twoja historia wyników
Nie rozwiązałeś tego quizu